1548 1881 1985 1130 1734 1163 1166 1212 1754 1598 1275 1343 1207 1680 1319 1149 1351 1604 1164 1867 1472 1368 1534 1463 1198 1307 1721 1782 1022 1692 1337 1207 1872 1025 1546 1935 1924 1657 1884 1746 1181 1557 1702 1831 1800 1065 1363 1827 1084 1271 1745 1649 1508 1125 1427 1473 1923 1510 1368 1349 1863 1305 1687 1461 1984 1401 1938 1395 1356 1837 1390 1390 1340 1938 1241 1876 1701 1329 1312 1157 1522 1022 1608 1905 1937 1747 1051 1641 1037 1099 1865 1382 1155 1953 1502 1762 1669 1483 1201 BCNSPRNW ULIB Ver.6.0+V

เปลี่ยนเป็นภาษาไทย

Change to English
 แสดงรายละเอียดบรรณานุกรม
  กลับหน้าหลัก

Brief Record : Get Marc (ISO 2709) : E-mail record : QR code < ปิดหน้าต่าง
LEADER : 00000nam 2200000uu 4500
001    13399113429
003     ULIB
008    111115s2550||||th 000 0 tha d
020    ^a9746552902
050  4 ^aQA135^bบ114ค 2550
100 0  ^aบรรเทิง แก่นสาร
245 00 ^aคณิตศาสตร์ทั่วไป =^bGeneral mathematics /^cบรรเทิง แก่นสาร, ธัญกร ขุนทอง, พิมพ์พร ฟองหลำ
246 31 ^aGeneral mathematics
250    ^aพิมพ์ครั้งที่ 3
260    ^aกรุงเทพฯ :^bศูนย์เทคโนโลยีทางการศึกษา ฝ่ายเทคโนโลยีมหาวิทยาลัยศรีปทุม,^c2550
300    ^a499 หน้า :^bภาพประกอบ ;^c26 ซม.
650  4 ^aคณิตศาสตร์
650  4 ^aคณิตศาสตร์^xการศึกษาและการสอน (มัธยมศึกษา)
700 0  ^aธัญกร ขุนทอง
700 0  ^aพิมพ์พร ฟองหลำ
710 2  ^aมหาวิทยาลัยศรีปทุม. ^bฝ่ายเทคโนโลยี.^bศูนย์เทคโนโลยีทางการศึกษา
945    ^p220^l0^i14405
995    ^aกัณชพร
999    ^aทศพร
รายการนี้ยังไม่มีแท็ก
คุณยังไม่ได้ล็อกอิน คุณสามารถมีกิจกรรมร่วมกับเว็บไซต์ได้ แต่ต้องล็อกอินก่อน ::
  ล็อกอิน

รายการสื่อสารสนเทศ

ลำดับที่ ประเภท เลขเรียก/บาร์โค้ด สถานที่ สถานะ
- ไม่พบข้อมูล -

รายการใกล้เคียง
    ผู้แต่ง [บรรเทิง แก่นสาร]

    หัวเรื่อง [คณิตศาสตร์]

BibComment


ยังไม่เคยถูกคอมเมนท์

คอมเมนท์ทรัพยากรรายการนี้
  คอมเมนท์: คณิตศาสตร์ทั่วไป..


 Copyright 2026. Bcnsprnw @Library